000 00634nam a22002177a 4500
003 UA-OsUOA
001 37782
007 ta
008 20070516b un ||||| |||| 00| 0 ukr d
090 _a09/94(477).152
_bП81
942 _cBK
040 _aUA-OsUOA
_bukr
_cUA-OsUOA
_dUA-OsUOA
245 _aПропам'ятна книга Українського Народного Дому у Вінніпезі
_cЗа ред.Д.Дорошенка
300 _a863 с.
955 _a1
041 _aukr
080 _a09/94(477).152
260 _aВінніпег
_c1949
650 7 _a0 Загальний відділ.
_2UDC
999 _c436292
_d436292